000
00398nam a22001097a 4500
082
_a
920/POK
100
_a
रमेश पोखरियाल निशंक
_9
83896
245
_a
मानवता के प्रणेता महर्षि अरविंद
260
_a
दिल्ली
_b
प्रभात प्रकाशन
_c
2021
650
_a
जीवनी
942
_c
BK
999
_c
68902
_d
68902